[Event "AUTO-MASTER-2885"]
[Site "http://www.queenalice.com/game.php?id=1587695"]
[Date "2019.10.23"]
[Round "1"]
[White "Quasimodem"]
[Black "clovis"]
[Result "1-0"]
[WhiteElo "2153"]
[BlackElo "1996"]

1. g3 e5 2. Bg2 Nf6 3. d3 d5 4. Nf3 Nc6 5. O-O Be7 6. a3 O-O 7. b4 e4 8. dxe4
dxe4 9. Ng5 Bf5 10. Nc3 Qxd1 11. Rxd1 Rfe8 12. Ngxe4 Nxe4 13. Nxe4 Bxe4 14. Bxe4
Bf6 15. Bxc6 bxc6 16. Ra2 Rxe2 17. Be3 a6 18. Kf1 Rxe3 19. fxe3 1-0

[Event "AUTO-MASTER-2885"]
[Site "http://www.queenalice.com/game.php?id=1587696"]
[Date "2019.10.23"]
[Round "1"]
[White "clovis"]
[Black "Quasimodem"]
[Result "0-1"]
[WhiteElo "2048"]
[BlackElo "2139"]

1. e4 g6 2. Bc4 Bg7 3. Nf3 Nf6 4. Nc3 d6 5. d4 O-O 6. O-O Nxe4 7. Bxf7+ Rxf7 8.
Nxe4 h6 9. Be3 Bg4 10. Qd2 Rxf3 11. gxf3 Bxf3 12. Ng3 Qd7 0-1

[Event "Challenge"]
[Site "http://www.queenalice.com/game.php?id=1600087"]
[Date "2020.2.20"]
[Round "-"]
[White "Jerzy"]
[Black "Quasimodem"]
[Result "0-1"]
[WhiteElo "2249"]
[BlackElo "2208"]

1. d4 g6 2. Nf3 Bg7 3. g3 c5 4. c3 cxd4 5. cxd4 d5 6. Bg2 Nc6 7. O-O Nh6 8. Bxh6
Bxh6 9. e3 Bg7 10. Nbd2 O-O 11. Nb3 b6 12. Nc1 Bb7 13. Nd3 Rc8 14. Rc1 e6 15.
Qd2 Qe7 16. Nde5 f6 17. Nxc6 Bxc6 18. Rc2 Bb7 19. Rfc1 Rxc2 20. Rxc2 e5 21. Qc1
Rf7 22. Qd2 e4 23. Ne1 f5 24. Rc3 Bf8 25. a3 g5 26. Qe2 f4 27. exf4 gxf4 28.
gxf4 Bh6 29. f5 Rxf5 30. Nd3 e3 31. f4 Kh8 32. Kh1 Ba6 33. Bf3 Bxf4 34. Qg2 Rg5
35. Qc2 Qf6 36. Nxf4 Qxf4 37. Qd1 Rf5 38. Kg2 Rf8 39. Rc2 Bd3 40. Rc1 Rg8+ 41.
Kh1 Be4 0-1

[Event "AUTO-MASTER-2885"]
[Site "http://www.queenalice.com/game.php?id=1600553"]
[Date "2020.2.24"]
[Round "2"]
[White "Lamorteoscura77"]
[Black "Quasimodem"]
[Result "0-1"]
[WhiteElo "2115"]
[BlackElo "2227"]

1. d4 g6 2. c4 Bg7 3. Nc3 c6 4. e4 d6 5. f4 Qb6 6. e5 Nh6 7. Nf3 O-O 8. Be2 Bg4
9. Qc2 Bxf3 10. Bxf3 Qxd4 11. Ne2 Qc5 12. exd6 exd6 13. Bd2 Nf5 14. O-O-O Re8
15. Rhe1 Nd7 16. g4 Ne3 0-1

[Event "AUTO-MASTER-2885"]
[Site "http://www.queenalice.com/game.php?id=1600554"]
[Date "2020.2.24"]
[Round "2"]
[White "Quasimodem"]
[Black "Lamorteoscura77"]
[Result "1/2-1/2"]
[WhiteElo "2243"]
[BlackElo "2160"]

1. b3 e5 2. c4 Nf6 3. Bb2 Nc6 4. e3 d5 5. cxd5 Nxd5 6. a3 Bd6 7. Qc2 O-O 8. Nf3
Bg4 9. h3 Bh5 10. Be2 Bg6 11. d3 f5 12. Nbd2 Kh8 13. Nc4 Qe7 14. O-O Rac8 15. b4
Nb6 16. Rac1 a6 17. Qb1 Na4 18. Nfd2 Nxb2 19. Qxb2 b5 20. Nxd6 cxd6 21. Rfe1
1/2-1/2

[Event "AUTO-MASTER-2885"]
[Site "http://www.queenalice.com/game.php?id=1600557"]
[Date "2020.2.24"]
[Round "2"]
[White "Quasimodem"]
[Black "Takeda"]
[Result "1-0"]
[WhiteElo "2221"]
[BlackElo "2028"]

1. g3 e5 2. Bg2 d5 3. d3 Bc5 4. Nf3 Nc6 5. O-O Nf6 6. c4 dxc4 7. dxc4 O-O 8. Nc3
Be6 9. b3 Qxd1 10. Rxd1 Rad8 11. Bb2 b6 12. Ng5 Nd4 13. Nxe6 fxe6 14. e3 Nf5 15.
Rxd8 Rxd8 16. Nb5 Nxe3 17. fxe3 Bxe3+ 18. Kh1 Rd2 19. Rb1 Ng4 20. h3 Nf2+ 21.
Kh2 Nd3 22. Bc3 Rxa2 23. Nxc7 Rc2 24. Ba1 Nc1 25. Nxe6 Ne2 26. Bxe5 1-0

[Event "AUTO-MASTER-2885"]
[Site "http://www.queenalice.com/game.php?id=1600558"]
[Date "2020.2.24"]
[Round "2"]
[White "Takeda"]
[Black "Quasimodem"]
[Result "0-1"]
[WhiteElo "2059"]
[BlackElo "2236"]

1. e4 g6 2. d4 Bg7 3. Nf3 d6 4. h3 a6 5. Bc4 e6 6. O-O b5 7. Be2 Bb7 8. e5 d5 9.
Nc3 Ne7 10. a4 b4 11. Na2 a5 12. c3 bxc3 13. Nxc3 c6 14. Bg5 h6 15. Bh4 Nd7 16.
Qb3 Rb8 17. Qa3 g5 18. Nxg5 hxg5 19. Bxg5 f6 20. exf6 Bxf6 21. f4 Bxg5 22. fxg5
Nf5 23. Bg4 Nxd4 24. Rae1 Qb6 25. Kh1 Qc5 26. Bxe6 Qxa3 27. bxa3 Nxe6 28. Rxe6+
Kd8 29. g6 d4 30. Nd1 c5 31. Rf7 Bd5 32. g7 Rxh3+ 33. Kg1 Rg3 34. Rf8+ Kc7 35.
Rxb8 Bxe6 0-1

[Event "Let's Play Chess!"]
[Site "http://www.queenalice.com/game.php?id=1615280"]
[Date "2020.6.6"]
[Round "-"]
[White "Quasimodem"]
[Black "beteljeuxe"]
[Result "0-1"]
[WhiteElo "2230"]
[BlackElo "2431"]

1. b3 e5 2. Bb2 Nc6 3. Nf3 e4 4. Ne5 Nxe5 5. Bxe5 d6 6. Bb2 d5 7. e3 Nf6 8. Be2
Bd6 9. d3 O-O 10. Nd2 Qe7 11. dxe4 dxe4 12. Nc4 Bc5 13. O-O Be6 14. a3 Rfd8 15.
Qe1 a6 16. b4 Ba7 17. Nd2 Rd7 18. c4 Rad8 19. Nb3 h5 20. Nd4 Bxd4 21. Bxd4 Ne8
22. Qc3 Qg5 23. Kh1 Nd6 24. Rae1 Nf5 25. Be5 Nh4 26. Rg1 Bg4 27. Bd4 Bxe2 28.
Rxe2 Nf5 29. Rd2 b6 30. c5 Nxd4 31. exd4 bxc5 32. bxc5 Rd5 33. Rgd1 f5 34. g3 h4
35. Qe3 Qxe3 36. fxe3 h3 37. Kg1 Kf7 38. Kf2 Ke6 39. Ke2 Rb8 40. Rc2 Rb3 41. a4
g5 42. c6 Ra5 43. Ra1 g4 44. Kd2 Rb4 45. Rca2 Rc4 0-1

[Event "Let's Play Chess!"]
[Site "http://www.queenalice.com/game.php?id=1619419"]
[Date "2020.7.6"]
[Round "-"]
[White "Quasimodem"]
[Black "ulisses34"]
[Result "1-0"]
[WhiteElo "2224"]
[BlackElo "1730"]

1. Nc3 d5 2. e4 d4 3. Nce2 c5 4. f4 Bg4 5. h3 Be6 6. Nf3 Nf6 7. d3 Nc6 8. c4 Bc8
9. Bd2 Qb6 10. Qb3 Qxb3 11. axb3 Nd7 12. g4 e5 13. f5 h6 14. Bg2 a5 15. Kf2 g6
16. Ng3 Be7 17. h4 Nf6 18. g5 Ng4+ 19. Ke2 h5 20. Bh3 gxf5 21. Nxf5 Bxf5 22.
exf5 f6 23. g6 Bf8 24. Nh2 Bg7 25. Nxg4 hxg4 26. Bxg4 Ne7 27. h5 b6 28. h6 Bxh6
29. Rxh6 Rxh6 30. Bxh6 O-O-O 31. Rh1 Rh8 32. Bf3 Ng8 33. Bd5 Ne7 34. g7 Rd8 35.
Rg1 Nxf5 36. g8=Q Nxh6 37. Qe6+ 1-0

[Event "AUTO-ELITE-2255"]
[Site "http://www.queenalice.com/game.php?id=1621174"]
[Date "2020.7.22"]
[Round "1"]
[White "BEBADO"]
[Black "Quasimodem"]
[Result "0-1"]
[WhiteElo "2335"]
[BlackElo "2222"]

1. e4 g6 2. d4 Bg7 3. Nc3 c6 4. f4 d5 5. e5 h5 6. Nf3 Bg4 7. h3 Bf5 8. Be2 Nh6
9. Be3 O-O 10. Qd2 a5 11. O-O-O Nd7 12. Rhg1 b5 13. Ng5 b4 14. Na4 h4 15. Nf3
Be4 16. Nxh4 Nb6 17. Nxb6 Qxb6 18. Bd3 a4 19. Bxe4 dxe4 20. Kb1 e6 21. d5 Qd8
22. g3 cxd5 23. Qxb4 Qc8 24. g4 Kh8 25. Bd4 Qc6 26. Ng2 Rab8 27. Qa3 Rfc8 28.
Rd2 Bf8 29. Qe3 Bb4 30. Rf2 Bc3 31. Bxc3 Qxc3 32. Qxc3 Rxc3 33. Rh1 a3 34. b3
Kg7 35. Re2 Ng8 36. Re3 Rbc8 37. Rxc3 Rxc3 38. Kc1 Ne7 39. Kd2 d4 40. Re1 Nd5
41. Rxe4 Rxh3 42. Ne1 Rh2+ 43. Kd3 Nb4+ 44. Kc4 Nxa2 45. Rxd4 Rf2 46. b4 Nc1 47.
Rd1 Rxf4+ 48. Kc5 Na2 49. Nd3 Rxg4 50. Ra1 Nc3 51. Rxa3 Nb1 52. Ra1 Nd2 53. b5
Rc4+ 54. Kd6 Rxc2 55. Kd7 Rc3 56. Nb4 Rb3 57. Ra4 Nc4 58. Nc6 Nb6+ 0-1

[Event "AUTO-ELITE-2255"]
[Site "http://www.queenalice.com/game.php?id=1621175"]
[Date "2020.7.22"]
[Round "1"]
[White "Quasimodem"]
[Black "BEBADO"]
[Result "1-0"]
[WhiteElo "2206"]
[BlackElo "2351"]

1. Nc3 e6 2. Nf3 b6 3. e4 Bb7 4. d4 Bb4 5. Bd3 Nf6 6. Qe2 d5 7. e5 Ne4 8. Bd2
Bxc3 9. bxc3 Nxd2 10. Nxd2 c5 11. dxc5 bxc5 12. c4 Nd7 13. Rb1 Rb8 14. O-O O-O
15. f4 Nb6 16. cxd5 exd5 17. Rf3 g6 18. Rg3 c4 19. Bf5 Kh8 20. Bg4 d4 21. f5 Nd5
22. Qxc4 Ne3 23. Qd3 Nxg4 24. Rxg4 Qa5 25. fxg6 fxg6 26. Rxd4 Qxe5 27. Rd7 Bc6
28. Qd4 Qxd4+ 29. Rxd4 Rxb1+ 30. Nxb1 Rb8 31. Nc3 Kg7 32. Nd1 Rb1 33. Kf2 Rc1
34. Ne3 Ra1 35. Rc4 Be8 36. Rc7+ Bf7 37. Ng4 Kf8 38. Ne5 Bxa2 39. Rxa7 Kg8 40.
c4 Rc1 41. Ra4 Bb3 42. Rb4 Ba2 43. h4 Kg7 44. g3 Kf6 45. Ng4+ Kf5 46. Ne3+ Ke4
47. Rb7 h5 48. Rc7 Rb1 49. Re7+ Kd3 50. Kf3 1-0

[Event "AUTO-ELITE-2255"]
[Site "http://www.queenalice.com/game.php?id=1621183"]
[Date "2020.7.22"]
[Round "1"]
[White "beteljeuxe"]
[Black "Quasimodem"]
[Result "1-0"]
[WhiteElo "2520"]
[BlackElo "2222"]

1. d4 g6 2. e4 Bg7 3. Nc3 d6 4. Nf3 a6 5. Bc4 e6 6. O-O Ne7 7. a4 Nbc6 8. h3 b6
9. d5 exd5 10. exd5 Na5 11. Ba2 O-O 12. Be3 Nf5 13. Bg5 f6 14. Bd2 Re8 15. Re1
Bd7 16. Ne2 Nb7 17. g4 Ne7 18. Nfd4 Nc8 19. Nc6 1-0

[Event "Challenge"]
[Site "http://www.queenalice.com/game.php?id=1631432"]
[Date "2020.10.31"]
[Round "-"]
[White "bmax"]
[Black "Quasimodem"]
[Result "0-1"]
[WhiteElo "2258"]
[BlackElo "2237"]

1. d4 g6 2. Bf4 Bg7 3. e4 c5 4. c3 Qb6 5. Nf3 Nf6 6. Nbd2 cxd4 7. Nxd4 d6 8. Nc4
Qd8 9. e5 dxe5 10. Bxe5 Nbd7 11. Nb5 O-O 12. Bc7 Qe8 13. Bf4 Qd8 14. Bc7 Qe8 15.
Bf4 Qd8 16. Be2 a6 17. Nd4 b5 18. Nc6 Qe8 19. N4a5 Nb6 20. O-O Be6 21. a4 Nxa4
22. Bf3 Nxb2 23. Qc2 Nc4 24. Nxc4 Bxc4 25. Rfe1 e6 26. Bd6 Qd7 27. Bxf8 Rxf8 28.
Ne5 Qc8 29. Nxc4 Qxc4 30. Rxa6 Nd5 31. Qe2 Qc8 32. Rd6 Qc7 33. Ra6 Nxc3 34. Qc2
b4 35. g3 Rb8 36. Qb3 Nb5 37. Qxb4 Bc3 0-1

[Event "Challenge"]
[Site "http://www.queenalice.com/game.php?id=1633064"]
[Date "2020.11.15"]
[Round "-"]
[White "pt58"]
[Black "Quasimodem"]
[Result "1-0"]
[WhiteElo "2279"]
[BlackElo "2250"]

1. e4 g6 2. d4 Bg7 3. Nc3 d6 4. f4 c6 5. Nf3 d5 6. e5 Bg4 7. h3 Bxf3 8. Qxf3 e6
9. Be3 Ne7 10. g4 Nd7 11. O-O-O f6 12. Kb1 Rf8 13. exf6 Nxf6 14. Bf2 Qd7 15. Qe3
Kf7 16. Bd3 Rae8 17. Rde1 Nc8 18. Qg3 Ne7 19. Rhg1 Kg8 20. Be3 Kh8 21. h4 Rf7
22. Nd1 Ne4 23. Qh3 c5 24. dxc5 1-0

[Event "Challenge"]
[Site "http://www.queenalice.com/game.php?id=1633216"]
[Date "2020.11.16"]
[Round "-"]
[White "ivansm"]
[Black "Quasimodem"]
[Result "0-1"]
[WhiteElo "2242"]
[BlackElo "2239"]

1. e4 g6 2. d4 Bg7 3. Nf3 c6 4. c4 d5 5. e5 Nh6 6. Bg5 O-O 7. h3 f6 8. Bf4 fxe5
9. Bxe5 Bxe5 10. dxe5 Nf7 11. Nc3 e6 12. Qd4 Nd7 13. cxd5 exd5 14. O-O-O Nfxe5
15. Nxe5 Qg5+ 16. Rd2 Nxe5 17. h4 Qf6 18. f3 Be6 19. h5 gxh5 20. Rxh5 Ng6 21.
Qxf6 Rxf6 22. a3 Re8 23. Bd3 Nf4 24. Rg5+ Kh8 25. Bc2 Bf7 26. g3 Ne6 27. Rf5
Rxf5 28. Bxf5 Nc5 29. Rh2 Nb3+ 30. Kd1 Nd4 31. Bg4 Bg6 32. Ne2 Nxe2 33. Rxe2
Rxe2 34. Kxe2 d4 35. b4 b6 36. Be6 c5 37. f4 Kg7 38. Ba2 Bf7 39. Bb1 c4 40. g4
c3 41. Kd3 Bb3 42. g5 c2 43. Bxc2 Bxc2+ 44. Kxd4 Kg6 45. Ke5 b5 46. Ke6 a6 47.
Ke5 Kh5 48. Kd4 Bf5 49. Kd5 Kg4 50. Ke5 Bg6 0-1

[Event "Challenge"]
[Site "http://www.queenalice.com/game.php?id=1635394"]
[Date "2020.12.4"]
[Round "-"]
[White "bmax"]
[Black "Quasimodem"]
[Result "1/2-1/2"]
[WhiteElo "2233"]
[BlackElo "2251"]

1. d4 g6 2. e4 Bg7 3. Nf3 d6 4. Bd3 Nf6 5. O-O O-O 6. Re1 c5 7. d5 e6 8. c4 exd5
9. exd5 Bg4 10. Nbd2 Nbd7 11. h3 Bxf3 12. Nxf3 Re8 13. Rxe8+ Nxe8 14. Bg5 Bf6
15. h4 Ng7 16. Qb3 Qb6 17. Qa4 Bxg5 18. hxg5 Ne5 19. Nxe5 Qxb2 20. Re1 dxe5 21.
Qb3 Qxb3 22. axb3 Re8 1/2-1/2

[Event "Let's Play Chess!"]
[Site "http://www.queenalice.com/game.php?id=1638522"]
[Date "2021.1.4"]
[Round "-"]
[White "Experimentator"]
[Black "Quasimodem"]
[Result "1-0"]
[WhiteElo "2254"]
[BlackElo "2262"]

1. h4 e6 2. a4 Nf6 3. h5 h6 4. a5 a6 5. d3 d5 6. c3 c5 7. Nf3 Nc6 8. Nbd2 Nxa5
9. e4 Be7 10. e5 Nd7 11. d4 Nc6 12. Bd3 Qb6 13. O-O cxd4 14. cxd4 Nxd4 15. Nxd4
Qxd4 16. Nf3 Qb6 17. Ra4 Nc5 18. Rg4 Nxd3 19. Qxd3 Bd7 20. Nd4 Bg5 21. Qg3 O-O-O
22. b3 Kb8 23. Be3 Bxe3 24. fxe3 g5 25. hxg6 h5 26. Rh4 fxg6 27. Rf7 Qc5 28. Qg5
Qc1+ 29. Kh2 Bc8 30. Rhf4 Qc3 31. Rf2 Rde8 32. Rg7 Rhg8 33. Rgf7 Qd3 34. b4 h4
35. b5 a5 36. Ra2 h3 37. g3 Qb1 38. Rc2 Qb4 39. Qh6 Re7 40. Qh7 Rge8 41. b6 Bd7
42. Rcf2 Rxf7 43. Qxf7 Qe7 44. Qxe7 Rxe7 45. Kxh3 a4 46. Kh4 Rh7+ 47. Kg5 Rh8
48. g4 Rg8 49. Rh2 1-0

[Event "Let's Play Chess!"]
[Site "http://www.queenalice.com/game.php?id=1768218"]
[Date "2021.8.30"]
[Round "-"]
[White "Quasimodem"]
[Black "igorjava"]
[Result "1-0"]
[WhiteElo "2257"]
[BlackElo "1958"]

1. Nc3 d5 2. e4 dxe4 3. Nxe4 e5 4. Bc4 h6 5. Nf3 Bg4 6. Bxf7+ Ke7 7. Bb3 Nc6 8.
h3 Be6 9. Bxe6 Kxe6 10. O-O Nf6 11. Re1 Nxe4 12. Rxe4 Bc5 13. Qe2 Qd6 14. c3
Rhe8 15. d4 Bb6 16. Nxe5 Nxe5 17. Rxe5+ Kf7 18. Bf4 Rxe5 19. Bxe5 Qd7 20. Re1
Kg8 21. Bg3 c5 22. dxc5 Bxc5 23. Qe6+ Qxe6 24. Rxe6 Kf7 25. Re4 Re8 26. Rxe8
Kxe8 27. Kf1 Ke7 28. Ke2 Ke6 29. f4 Bd6 30. Kf3 b5 31. Ke4 g6 32. b3 a5 33. Bf2
Bc7 34. g4 Bd8 35. Bd4 h5 36. gxh5 gxh5 37. f5+ Kd6 38. b4 a4 39. Bc5+ Kd7 40.
Kd5 Bf6 41. Bd4 Be7 42. f6 Bf8 43. Bc5 1-0

[Event "Let's Play Chess!"]
[Site "http://www.queenalice.com/game.php?id=1771010"]
[Date "2021.9.28"]
[Round "-"]
[White "bahouais"]
[Black "Quasimodem"]
[Result "0-1"]
[WhiteElo "2144"]
[BlackElo "2248"]

1. e4 Nc6 2. Nc3 e5 3. Bc4 Nf6 4. a3 Nxe4 5. Bxf7+ Kxf7 6. Nxe4 d5 7. Ng3 Be7 8.
d3 Rf8 9. Nf3 Kg8 10. h3 Be6 11. O-O h6 12. Re1 Bd6 13. b4 a6 14. Bb2 Qf6 15.
Qe2 Rae8 16. c4 dxc4 17. dxc4 Nd4 18. Nxd4 exd4 19. Ne4 Qg6 20. Kh1 Bf5 21. f3
Bxe4 22. fxe4 Qg3 0-1